Legend of Zelda Quotes - Statistics

General Stats
  • This quiz has been taken 538 times
  • The average score is 10 of 31
Answer Stats
Hint Answer % Correct
“YOU… CURSE YOU ZELDA… CURSE YOU SAGES… CURSE YOU LINK! Someday when this seal is broken, that is when I will exterminate your descendants. As long as the Triforce of Power is in my hand!” Ganondorf
92%
"Hey! Listen!" Navi
92%
"It's dangerous to go alone! Take this" Old Man
89%
"Link... Link... Can you hear my voice? Swiftly and suddenly, dark clouds covered all of Hyrule. Ominous clouds that filled all those who saw them with fear... A sense of dread swept across the land. Link... Hurry to Hyrule Castle..." Zelda
89%
“Thank you… Because of you, I could awaken as a Sage… I am Saria. The Sage of the Forest Temple. I always believed that you would come. Because I know you… No… You don’t have to explain it to me… Because it is destiny that you and I can’t live in the same world. I will stay here as the Forest Sage and help you… Now please take this Medallion… Saria will always be… Your friend..." Saria
82%
"I may be 32, but I still believe I am a fairy!" Tingle
71%
"Some call our realm a world of shadows, but that makes it sound so unpleasant... The twilight there holds a serene beauty... You have seen it yourself as the sun sets on this world. Bathed in that light, all the people were pure and gentle... But things changed once that foul power pervaded the world..." Midna
59%
“You’ve met with a terrible fate, haven’t you?” Happy Mask Salesman
57%
"Hey you! 'Mr. No Fairy!' What's your business with the Great Deku Tree? Without a fairy, you're not even a real man! What? You've got a fairy? Say what? The Great Deku Tree actually summoned you? Whaaaaaaat?!Why would he summon you and not the Great Mido? I don't believe you! You aren't even fully equiped yet. How do you think you're going to help the Great Deku Tree without both a sword and a shield ready? What? You're right. I don't I have my equipment ready, but if you want to pass, through here, you should at least equip a sword and shield!" Mido
54%
“Time passes, people move. Like a river’s flow, it never ends. A childish mind will turn to noble ambition. Young love will become deep affection. The clear water’s surface reflects growth. Now listen to the Serenade of water to reflect upon yourself" Sheik
52%
"Hee hee hee... That was fun! I'll tell you what: I'll let you into a secret place!" Skull Kid
42%
"The time has come to test thy courage" Deku Tree
32%
"A puppet that can no longer be used is mere garbage. This puppet's role has just ended...." Majora's Mask
31%
"It's a secret to everybody" Moblin
31%
“I… I shall consume. Consume… consume everything…” The Moon
21%
"Welcome, Link... I am the Essence Of The Triforce." Triforce
18%
"Urk... Owowow!! I just smacked my hip on something! Well, not my hip... My... whatever it is I have now... My brim? Whatever!" Ezlo
14%
HEEEEEEY! Go no further! There is a black wall ahead that blocks the way!" Postman
12%
"Green is the Medicine of magic, Red is the Medicine of life, and Blue restores both life and Magic. Here have a taste of the medicine of life, tee hee" Witch
12%
“I’m not doing anything suspicious.. Really!” Sakon
11%
"Once every 100 years, a special child is born unto my people. That child is destined to be the mighty guardian of the Gerudo and the desert. But this child, its heart grew twisted with every passing year. The child became a man who hungered for power at any price." Gerudo
8%
"Oh, ho?... You would like to be totally destroyed? Well, I can make that wish come true!" Agahnim
5%
"Oh, thank you for rescuing me, please escort me to the exit." Blind the thief
4%
"Grumble, grumble" Goriya
3%
"We would have been the masters of this place...But you had to come here and disrupt our plans! Heh heh! You can never defeat us!!! Let's rumble!" Nightmares
3%
"They say that there is a secret near the lone tree which is not far from the river in the northwest part of Hyrule Field" Gossip Stones
1%
“And I continue standing here at the counter hoping one of my favorite customers will appear… And I wasn’t wrong. See? You stopped in" Mr. Barten
1%
"Not the disintegration spell! No!" (burns and dissapears) Wizzrobe
1%
"Ready?" (teleports) "Am I here?" (teleports) "Or here?" (teleports) "Or here?" (Shoots a beam at a warrior, killing him) "Ha-ha-ha-ha-ha! Next!" Hectan
0%
"I am the reader, Ipo. If you bring me the book of Koridai, I will gladly read the secret verse" Ipo the Librarian
0%
"BRRING! BRRING ! BRRING! CLICK ! Yees! It’s the Bucket Mouse! Thanks for calling! ..." (hangs up) Ulrira's Phone
0%
No matching quizzes found
Score Distribution
Percent of People with Each Score
Percentile by Number Answered
Your Score History
You have not taken this quiz